| 000 | 00480nam a2200169Ia 4500 | ||
|---|---|---|---|
| 005 | 20250508164132.0 | ||
| 008 | 008 250505s9999 xx 000 0 eng d | ||
| 037 | _aReference | ||
| 040 |
_aFEDL _beng _cFEDL |
||
| 041 |
_aeng _2eng |
||
| 084 |
_a050, MAN _qFEDL |
||
| 245 | 0 | _aManorama, Yearbook 2005: 40 Year book publication | |
| 260 |
_aKottayam, India _bMalauala Manorama Press _c2005 |
||
| 300 | _a846p | ||
| 942 |
_cREF _h050, MAN |
||
| 999 |
_c1387250 _d1387250 |
||